000 01226nam0a2200313 4500
001 RU\NLR\bibl\62178
005 20260406143015.0
010 _a5-901018-06-0
_93000
021 _aRU
_b99-26499
_91286
035 _a(NLR Aleph) 000060670
090 _a330304
_c330304
100 _a19991206d1999 |||y0rusy50 ca
101 0 _arus
102 _aRU
105 _ay |||||||||
200 1 _aПожарная безопасность предприятия
_eКурс пожарно-техн. минимума
_eСправ.
_fС.В. Собурь
_gРед. В.И. Кузнецов
205 _a2-е изд., доп. (с изм.)
210 _aМ.
_cСпецтехника
_d1999
215 _a431 с.
_d21
320 _aБиблиогр.: с. 423-427
606 0 _aПромышленные предприятия
_jСправочники
_xПожарная охрана
_91098059
_3RU\NLR\auth\66112459
686 _aН962я2
700 1 _4070
_8rus
_7ca
_aСобурь
_bС. В.
_gСергей Викторович
_3RU\NLR\auth\773634
_9113628
801 0 _aRU
_bNLR
_c19991206
_gPSBO
801 1 _aRU
_bNLR
_c19991206
852 _aNLR
_j99-5/3991
942 _cBOOK
980 _aNB